[Event "Canadian op U2000"]
[Site "Kitchener"]
[Date "2006.07.21"]
[Round "7"]
[White "White, Chris"]
[Black "Smirlies, Joe"]
[Result "0-1"]
[WhiteElo "1552"]
[BlackElo "1736"]
[PlyCount "56"]
[EventDate "2006.07.15"]
[EventType "swiss"]
[EventRounds "9"]
[EventCountry "CAN"]
[SourceTitle "CBM 113 Extra"]
[Source "ChessBase"]
[SourceDate "2006.09.14"]
[SourceVersion "1"]
[SourceVersionDate "2006.09.14"]
[SourceQuality "1"]

1. d4 d5 2. c4 dxc4 3. Nc3 e6 4. e4 Bb4 5. Bxc4 c5 6. Nf3 cxd4 7. Qxd4 Qxd4 8. Nxd4 Bxc3+ 9. bxc3 Nf6 10. Nb5 Na6 11. f3 0-0 12. Nd6 Nc5 13. Bd2 b6 14. Kf2 Ba6 15. Bxa6 Nxa6 16. Be3 Rfd8 17. e5 Nd7 18. f4 f6 19. Bd4 Nab8 20. Nb5 fxe5 21. fxe5 Rc8 22. Nd6 Rf8+ 23. Ke3 Nc6 24. Rhf1 Ndxe5 25. Bxe5 Nxe5 26. h3 Rad8 27. Nb5 Nc4+ 28. Ke4 Nd2+ 0-1